|
|
|
|
| LEADER |
00948nab a2200253 i 4500 |
| 001 |
publ22446 |
| 005 |
20210923082904.0 |
| 008 |
210923s2020 hu o 0|| Angol d |
| 022 |
|
|
|a 0324-5853
|
| 024 |
7 |
|
|a 10.3311/PPch.15046
|2 doi
|
| 024 |
7 |
|
|a 31333027
|2 mtmt
|
| 040 |
|
|
|a SZTE Publicatio Repozitórium
|b hun
|
| 041 |
|
|
|a Angol
|
| 100 |
1 |
|
|a Zakar Mihály
|
| 245 |
1 |
0 |
|a Purification of Model Dairy Wastewaters by Ozone, Fenton Pre-treatment and Membrane Filtration
|h [elektronikus dokumentum] /
|c Zakar Mihály
|
| 260 |
|
|
|c 2020
|
| 300 |
|
|
|a 357-363
|
| 490 |
0 |
|
|a PERIODICA POLYTECHNICA-CHEMICAL ENGINEERING
|v 64 No. 3
|
| 650 |
|
4 |
|a Környezetmérnöki tudományok
|
| 700 |
0 |
1 |
|a Farkas Dániel Imre
|e aut
|
| 700 |
0 |
2 |
|a Hanczné Lakatos Erika
|e aut
|
| 700 |
0 |
2 |
|a Keszthelyi-Szabó Gábor
|e aut
|
| 700 |
0 |
2 |
|a László Zsuzsanna
|e aut
|
| 856 |
4 |
0 |
|u http://publicatio.bibl.u-szeged.hu/22446/1/15046-ArticleTextPDF-77263-3-10-20200525.pdf
|z Dokumentum-elérés
|